LEADER 01083nam a2200217 4500 001 000000354295 003 CaOOAMICUS 005 20230619090516.0 008 230619s1951 it f 000 u ita r 040 $aSeMil$bita 100 1 $aUrbani, Giovanni .$0(OLS)http://semarc/name/20554 245 10$aFederico Ozanam /$ccommemorazione tenuta da Sua Ecc. Giovanni Urbani, Arcivescovo Titolare di Sardi. 264 1$a[Italia] :$bSegretariato Nazionale [della Società di San Vincenzo],$c1951. 300 $a35 p. :$b2 p. di tav. ;$c19 cm 600 14$aOzanam, Antoine-Frédéric .$0(OLS)http://semarc/subject/9793 700 1 $aSegretariato Nazionale della Società di S. Vincenzo De' Paoli.$0(OLS)http://semarc/name/71937 850 $aSeMil 852 $aSeMil$W1$xVenegono$y1$m5A IV 7/16$j241567$B245555$CSeMilBibl$Z2$F245555 $81 996 $6245$aFederico Ozanam$9(OLS)http://semarc/title/102174 996 $6264$a[Italia] :$bSegretariato Nazionale [della Società di San Vincenzo]$9(OLS)http://semarc/publisher/53804 LEADER 01302nam a2200265 i 4500 001 000000207682 003 CaOOAMICUS 005 20111103000000.0 008 111103s1997 xx u000 u und u 013 $a186465 040 $aSeMil$bita 100 1 $aRossini, Gioachino <1792-1868>.$0(OLS)http://semarc/name/7513 245 13$aIl turco in Italia :$bdramma buffo in due atti /$cmusica di Gioacchino Rossini ; libretto di Felice Romani. 260 $aMilano :$bEdizioni del Teatro alla Scala,$c1997. 300 $a145 p. :$bill. ;$c27 cm. 650 4$aRossini, Gioacchino <1792-1868> - Opere in musica - Libretti.$0(OLS)http://semarc/subject/2666 650 4$aOpera in musica.$0(OLS)http://semarc/subject/8916 650 4$aMelodramma - Testi.$0(OLS)http://semarc/subject/10519 700 1 $aRomani, Felice.$0(OLS)http://semarc/name/12156 773 0 $tStagione d'opera e balletto 1996-97.$dMilano : Edizioni del Teatro alla Scala, 1996-1997.$g7$w()25447 850 $aSeMil 852 $aSeMil$W1$xVenegono$y1$m3Q V 75$j158141$B158141$CSeMilBibl$Z2$F171198 $81 961 $aLascito: Barbarisi Gennaro 996 $6245$aIl turco in Italia :$bdramma buffo in due atti$9(OLS)http://semarc/title/300305 996 $6260$aMilano :$bEdizioni del Teatro alla Scala$9(OLS)http://semarc/publisher/36461